<?xml version="1.0" encoding="UTF-8"?>
<record
    xmlns:xsi="http://www.w3.org/2001/XMLSchema-instance"
    xsi:schemaLocation="http://www.loc.gov/MARC21/slim http://www.loc.gov/standards/marcxml/schema/MARC21slim.xsd"
    xmlns="http://www.loc.gov/MARC21/slim">

  <leader>01464mam a2200313 a 4500</leader>
  <controlfield tag="001">1713805</controlfield>
  <controlfield tag="005">20220326193313.0</controlfield>
  <controlfield tag="008">960806s1996    gw ac    b    100 0 eng d</controlfield>
  <datafield tag="020" ind1=" " ind2=" ">
    <subfield code="a">3791316001</subfield>
  </datafield>
  <datafield tag="035" ind1=" " ind2=" ">
    <subfield code="a">(OCoLC)ocm35197205</subfield>
  </datafield>
  <datafield tag="040" ind1=" " ind2=" ">
    <subfield code="a">RMP</subfield>
    <subfield code="c">RMP</subfield>
    <subfield code="d">UIU</subfield>
    <subfield code="d">NGU</subfield>
  </datafield>
  <datafield tag="082" ind1=" " ind2=" ">
    <subfield code="a">720</subfield>
    <subfield code="b">N772h</subfield>
  </datafield>
  <datafield tag="090" ind1=" " ind2=" ">
    <subfield code="a">NA804.H3</subfield>
    <subfield code="b">A7 1995</subfield>
  </datafield>
  <datafield tag="100" ind1=" " ind2=" ">
    <subfield code="a">Noever, Peter,</subfield>
    <subfield code="9">2194</subfield>
  </datafield>
  <datafield tag="111" ind1="2" ind2=" ">
    <subfield code="a">Architecture Again</subfield>
    <subfield code="d">(1994-1995 :</subfield>
    <subfield code="c">Havana, Cuba)</subfield>
    <subfield code="9">2195</subfield>
  </datafield>
  <datafield tag="245" ind1="1" ind2="4">
    <subfield code="a">The Havana project :</subfield>
    <subfield code="b">Architecture Again : international conference on architecture, Havana, Cuba /</subfield>
    <subfield code="c">edited by Peter Noever for MAK, Vienna and MAK Center for Art and Architecture, Los Angeles ; with Coop Himmelb(l)au/Wolf Prix ... [et al.].</subfield>
  </datafield>
  <datafield tag="246" ind1="3" ind2="0">
    <subfield code="a">Architecture Again</subfield>
  </datafield>
  <datafield tag="260" ind1=" " ind2=" ">
    <subfield code="a">Munich ;</subfield>
    <subfield code="a">New York :</subfield>
    <subfield code="b">Prestel,</subfield>
    <subfield code="c">c1996.</subfield>
  </datafield>
  <datafield tag="300" ind1=" " ind2=" ">
    <subfield code="a">184 p. :</subfield>
    <subfield code="b">ill. (some col.), ports. ;</subfield>
    <subfield code="c">24 cm.</subfield>
  </datafield>
  <datafield tag="500" ind1=" " ind2=" ">
    <subfield code="a">Conference held Dec. 31, 1994 to Jan. 5, 1995 in Havana, Cuba.</subfield>
  </datafield>
  <datafield tag="504" ind1=" " ind2=" ">
    <subfield code="a">Includes bibliographical references.</subfield>
  </datafield>
  <datafield tag="505" ind1=" " ind2=" ">
    <subfield code="t">arquitectural visions for cuba</subfield>
    <subfield code="r">Fidel Castro Ruz </subfield>
    <subfield code="t">Why Havana? Why arquitecture? </subfield>
    <subfield code="r">Peter Noever </subfield>
    <subfield code="t">Dressing Havana</subfield>
    <subfield code="r">Emilio Escobar </subfield>
    <subfield code="t">Arqutecture Again</subfield>
    <subfield code="t">The Havana projects</subfield>
  </datafield>
  <datafield tag="650" ind1=" " ind2="0">
    <subfield code="a">Architecture</subfield>
    <subfield code="z">Cuba</subfield>
    <subfield code="z">Havana</subfield>
    <subfield code="v">Congresses.</subfield>
    <subfield code="x">Urbanism</subfield>
    <subfield code="9">2196</subfield>
  </datafield>
  <datafield tag="700" ind1="1" ind2=" ">
    <subfield code="a">Noever, Peter,</subfield>
    <subfield code="d">1941-</subfield>
    <subfield code="9">2197</subfield>
  </datafield>
  <datafield tag="710" ind1="2" ind2=" ">
    <subfield code="a">&#xD6;sterreichisches Museum f&#xFC;r Angewandte Kunst.</subfield>
    <subfield code="9">2198</subfield>
  </datafield>
  <datafield tag="710" ind1="2" ind2=" ">
    <subfield code="a">MAK-Center for Art and Architecture, Los Angeles.</subfield>
    <subfield code="9">2199</subfield>
  </datafield>
  <datafield tag="710" ind1="2" ind2=" ">
    <subfield code="a">Coop Himmelblau.</subfield>
    <subfield code="9">2200</subfield>
  </datafield>
  <datafield tag="999" ind1=" " ind2=" ">
    <subfield code="c">458</subfield>
    <subfield code="d">458</subfield>
  </datafield>
  <datafield tag="952" ind1=" " ind2=" ">
    <subfield code="0">0</subfield>
    <subfield code="1">0</subfield>
    <subfield code="2">ddc</subfield>
    <subfield code="4">0</subfield>
    <subfield code="7">0</subfield>
    <subfield code="a">LV</subfield>
    <subfield code="b">LV</subfield>
    <subfield code="c">Pensamiento</subfield>
    <subfield code="d">2015-03-18</subfield>
    <subfield code="l">0</subfield>
    <subfield code="o">720 N772h</subfield>
    <subfield code="p">000372</subfield>
    <subfield code="r">2015-03-18 00:00:00</subfield>
    <subfield code="w">2015-03-18</subfield>
    <subfield code="y">01</subfield>
  </datafield>
</record>
